[Event "Russian Blitz Team Championship (m)"]
[Site "Sochi"]
[Date "2022.10.17"]
[Round "3.10"]
[White "Nikitenko, Mihail"]
[Black "Tomashevsky, Evgeny"]
[Result "0-1"]
[BlackElo "2695"]
[WhiteElo "2417"]
[LiveChessVersion "1.4.8"]

1. e4 {[%clk 0:03:02]} e5 {[%clk 0:03:03]} 2. Nf3 {[%clk 0:03:02]} Nc6
{[%clk 0:03:04]} 3. Bc4 {[%clk 0:03:02]} Nf6 {[%clk 0:03:04]} 4. d3
{[%clk 0:03:03]} Be7 {[%clk 0:03:02]} 5. a4 {[%clk 0:03:01]} O-O {[%clk 0:03:01]}
6. O-O {[%clk 0:03:01]} d6 {[%clk 0:03:00]} 7. h3 {[%clk 0:03:00]} Be6
{[%clk 0:02:52]} 8. Nbd2 {[%clk 0:03:00]} Qd7 {[%clk 0:02:44]} 9. c3
{[%clk 0:02:53]} h6 {[%clk 0:02:42]} 10. Re1 {[%clk 0:02:53]} Rfe8
{[%clk 0:02:34]} 11. b4 {[%clk 0:02:52]} a6 {[%clk 0:02:27]} 12. Nb3
{[%clk 0:02:17]} Bf8 {[%clk 0:02:10]} 13. Bd2 {[%clk 0:01:51]} Bxc4
{[%clk 0:01:50]} 14. dxc4 {[%clk 0:01:52]} Qe6 {[%clk 0:01:51]} 15. b5
{[%clk 0:01:27]} Ne7 {[%clk 0:01:48]} 16. Qe2 {[%clk 0:01:27]} Ng6
{[%clk 0:01:30]} 17. Kh2 {[%clk 0:00:46]} Nd7 {[%clk 0:01:19]} 18. Be3
{[%clk 0:00:38]} Be7 {[%clk 0:01:14]} 19. Nfd2 {[%clk 0:00:37]} Bg5
{[%clk 0:01:13]} 20. g3 {[%clk 0:00:38]} Bxe3 {[%clk 0:00:55]} 21. Qxe3
{[%clk 0:00:38]} b6 {[%clk 0:00:50]} 22. a5 {[%clk 0:00:32]} axb5
{[%clk 0:00:49]} 23. cxb5 {[%clk 0:00:32]} bxa5 {[%clk 0:00:49]} 24. Nxa5
{[%clk 0:00:29]} Nc5 {[%clk 0:00:44]} 25. Nc6 {[%clk 0:00:28]} Ne7
{[%clk 0:00:34]} 26. Nb4 {[%clk 0:00:29]} f5 {[%clk 0:00:24]} 27. c4
{[%clk 0:00:23]} fxe4 {[%clk 0:00:15]} 28. Nxe4 {[%clk 0:00:08]} Qxc4
{[%clk 0:00:12]} 29. Nxc5 {[%clk 0:00:08]} Rxa1 {[%clk 0:00:08]} 30. Rxa1
{[%clk 0:00:08]} dxc5 {[%clk 0:00:07]} 31. Na6 {[%clk 0:00:07]} Nd5
{[%clk 0:00:06]} 32. Qxc5 {[%clk 0:00:08]} Qxc5 {[%clk 0:00:06]} 33. Nxc5
{[%clk 0:00:09]} Rb8 {[%clk 0:00:07]} 34. Rd1 {[%clk 0:00:10]} Nc3
{[%clk 0:00:05]} 35. Rd7 {[%clk 0:00:11]} Rf8 {[%clk 0:00:06]} 36. Rxc7
{[%clk 0:00:05]} Rxf2+ {[%clk 0:00:05]} 37. Kg1 {[%clk 0:00:07]} Rb2
{[%clk 0:00:06]} 38. Ne6 {[%clk 0:00:07]} Nxb5 {[%clk 0:00:06]} 39. Rxg7+
{[%clk 0:00:08]} Kh8 {[%clk 0:00:07]} 40. Rg6 {[%clk 0:00:07]} Kh7
{[%clk 0:00:09]} 41. Rg7+ {[%clk 0:00:09]} Kh8 {[%clk 0:00:10]} 42. Re7
{[%clk 0:00:09]} Nd4 {[%clk 0:00:09]} 43. Re8+ {[%clk 0:00:06]} Kh7
{[%clk 0:00:10]} 44. Re7+ {[%clk 0:00:07]} Kg6 {[%clk 0:00:11]} 45. Nxd4
{[%clk 0:00:07]} exd4 {[%clk 0:00:12]} 46. Rd7 {[%clk 0:00:08]} Rd2
{[%clk 0:00:13]} 47. Kf1 {[%clk 0:00:09]} Kf5 {[%clk 0:00:14]} 48. Ke1
{[%clk 0:00:10]} Rd3 {[%clk 0:00:13]} 49. Ke2 {[%clk 0:00:11]} Re3+
{[%clk 0:00:14]} 50. Kf2 {[%clk 0:00:12]} Rd3 {[%clk 0:00:11]} 51. Ke2
{[%clk 0:00:13]} Re3+ {[%clk 0:00:11]} 52. Kf2 {[%clk 0:00:14]} Ke4
{[%clk 0:00:06]} 53. Re7+ {[%clk 0:00:11]} Kd3 {[%clk 0:00:07]} 54. Rh7
{[%clk 0:00:11]} Re6 {[%clk 0:00:08]} 55. g4 {[%clk 0:00:13]} Kc2
{[%clk 0:00:08]} 56. Rc7+ {[%clk 0:00:13]} Kd2 {[%clk 0:00:08]} 57. Kf3
{[%clk 0:00:14]} Re3+ {[%clk 0:00:09]} 58. Kg2 {[%clk 0:00:11]} d3
{[%clk 0:00:08]} 59. h4 {[%clk 0:00:13]} Ke2 {[%clk 0:00:08]} 60. Rf7
{[%clk 0:00:04]} d2 {[%clk 0:00:09]} 61. Rf2+ {[%clk 0:00:05]} Kd3
{[%clk 0:00:10]} 62. Rf1 {[%clk 0:00:06]} Re1 {[%clk 0:00:11]} 63. Rf8
{[%clk 0:00:07]} d1=Q {[%clk 0:00:11]} 0-1

[Event "Russian Blitz Team Championship (m)"]
[Site "Sochi"]
[Date "2022.10.17"]
[Round "3.11"]
[White "Zablotsky, Sergei"]
[Black "Fedorov, Alexei"]
[Result "1/2-1/2"]
[BlackElo "2521"]
[WhiteElo "2439"]
[LiveChessVersion "1.4.8"]

1. Nf3 {[%clk 0:03:02]} Nf6 {[%clk 0:03:02]} 2. g3 {[%clk 0:03:02]} g6
{[%clk 0:03:04]} 3. b3 {[%clk 0:03:03]} Bg7 {[%clk 0:03:03]} 4. Bb2
{[%clk 0:03:04]} d6 {[%clk 0:02:56]} 5. d4 {[%clk 0:03:05]} O-O {[%clk 0:02:52]}
6. Bg2 {[%clk 0:03:06]} Nc6 {[%clk 0:02:33]} 7. O-O {[%clk 0:02:45]} e5
{[%clk 0:02:30]} 8. dxe5 {[%clk 0:02:41]} Ng4 {[%clk 0:02:30]} 9. c4
{[%clk 0:02:30]} dxe5 {[%clk 0:02:26]} 10. h3 {[%clk 0:02:09]} Nh6
{[%clk 0:02:26]} 11. Nc3 {[%clk 0:01:48]} e4 {[%clk 0:02:20]} 12. Ne1
{[%clk 0:01:41]} e3 {[%clk 0:02:09]} 13. f4 {[%clk 0:01:30]} Nf5 {[%clk 0:02:06]}
14. Kh2 {[%clk 0:01:23]} Qd2 {[%clk 0:01:55]} 15. Qxd2 {[%clk 0:00:51]} exd2
{[%clk 0:01:55]} 16. Nc2 {[%clk 0:00:52]} Ncd4 {[%clk 0:01:28]} 17. Nxd4
{[%clk 0:00:42]} Nxd4 {[%clk 0:01:26]} 18. Ne4 {[%clk 0:00:32]} Nxe2
{[%clk 0:01:09]} 19. Bxg7 {[%clk 0:00:31]} Kxg7 {[%clk 0:01:09]} 20. Nxd2
{[%clk 0:00:26]} c6 {[%clk 0:01:01]} 21. Rfe1 {[%clk 0:00:25]} Nd4
{[%clk 0:01:01]} 22. Rac1 {[%clk 0:00:22]} Be6 {[%clk 0:00:57]} 23. Nf3
{[%clk 0:00:18]} Rad8 {[%clk 0:00:57]} 24. Nxd4 {[%clk 0:00:18]} Rxd4
{[%clk 0:00:57]} 25. Re2 {[%clk 0:00:20]} a5 {[%clk 0:00:56]} 26. Kg1
{[%clk 0:00:19]} a4 {[%clk 0:00:56]} 27. Kf2 {[%clk 0:00:19]} Rfd8
{[%clk 0:00:54]} 28. Rc3 {[%clk 0:00:15]} h5 {[%clk 0:00:51]} 29. h4
{[%clk 0:00:15]} Bg4 {[%clk 0:00:51]} 30. Bf3 {[%clk 0:00:16]} Rd3
{[%clk 0:00:48]} 31. Rxd3 {[%clk 0:00:10]} Rxd3 {[%clk 0:00:48]} 32. Bxg4
{[%clk 0:00:11]} hxg4 {[%clk 0:00:48]} 33. bxa4 {[%clk 0:00:10]} Rf3+
{[%clk 0:00:47]} 34. Kg2 {[%clk 0:00:11]} Ra3 {[%clk 0:00:48]} 35. Rb2
{[%clk 0:00:12]} Rxa4 {[%clk 0:00:47]} 36. Rxb7 {[%clk 0:00:14]} Rxa2+
{[%clk 0:00:46]} 37. Kf1 {[%clk 0:00:15]} Rc2 {[%clk 0:00:45]} 38. Rb4
{[%clk 0:00:16]} c5 {[%clk 0:00:43]} 39. Ra4 {[%clk 0:00:17]} Kf6
{[%clk 0:00:43]} 40. Ra7 {[%clk 0:00:16]} Rxc4 {[%clk 0:00:42]} 41. Rc7
{[%clk 0:00:17]} Rc2 {[%clk 0:00:41]} 42. Kg1 {[%clk 0:00:16]} Ke6
{[%clk 0:00:42]} 43. Rc6+ {[%clk 0:00:16]} Kf5 {[%clk 0:00:42]} 44. Rc7
{[%clk 0:00:16]} Ke4 {[%clk 0:00:43]} 45. f5 {[%clk 0:00:15]} gxf5
{[%clk 0:00:42]} 46. Rxf7 {[%clk 0:00:16]} Kf3 {[%clk 0:00:41]} 47. Rxf5+
{[%clk 0:00:14]} Kxg3 {[%clk 0:00:42]} 48. h5 {[%clk 0:00:13]} c4
{[%clk 0:00:41]} 49. Kf1 {[%clk 0:00:12]} c3 {[%clk 0:00:38]} 50. Rc5
{[%clk 0:00:12]} Rc1+ {[%clk 0:00:34]} 51. Ke2 {[%clk 0:00:13]} Kg2
{[%clk 0:00:33]} 52. h6 {[%clk 0:00:14]} g3 {[%clk 0:00:33]} 53. Kd3
{[%clk 0:00:09]} Rh1 {[%clk 0:00:33]} 54. Rc6 {[%clk 0:00:10]} Kf3
{[%clk 0:00:28]} 55. Rf6+ {[%clk 0:00:11]} Kg4 {[%clk 0:00:29]} 56. Rg6+
{[%clk 0:00:12]} Kf4 {[%clk 0:00:30]} 57. Kxc3 {[%clk 0:00:13]} Kf3
{[%clk 0:00:17]} 58. Rf6+ {[%clk 0:00:14]} Ke4 {[%clk 0:00:16]} 59. Rg6
{[%clk 0:00:16]} Rh3 {[%clk 0:00:16]} 60. Kd2 {[%clk 0:00:16]} Kf5
{[%clk 0:00:16]} 61. Rg8 {[%clk 0:00:16]} Kf4 {[%clk 0:00:15]} 62. Ke2
{[%clk 0:00:17]} Rxh6 {[%clk 0:00:15]} 63. Kf1 {[%clk 0:00:18]} Rh2
{[%clk 0:00:16]} 64. Kg1 {[%clk 0:00:20]} Ra2 {[%clk 0:00:17]} 65. Rf8+
{[%clk 0:00:21]} Kg4 {[%clk 0:00:17]} 66. Rg8+ {[%clk 0:00:22]} 1/2-1/2

[Event "Russian Blitz Team Championship (m)"]
[Site "Sochi"]
[Date "2022.10.17"]
[Round "3.12"]
[White "Aleksandrov, Aleksej"]
[Black "Khegay, Dmitriy"]
[Result "0-1"]
[BlackElo "2457"]
[WhiteElo "2397"]
[LiveChessVersion "1.4.8"]

1. Nf3 {[%clk 0:03:03]} c5 {[%clk 0:02:59]} 2. e3 {[%clk 0:03:04]} d5
{[%clk 0:02:58]} 3. d4 {[%clk 0:03:05]} e6 {[%clk 0:02:47]} 4. c4
{[%clk 0:02:58]} Nf6 {[%clk 0:02:46]} 5. Nc3 {[%clk 0:02:59]} Nc6
{[%clk 0:02:47]} 6. a3 {[%clk 0:02:58]} a6 {[%clk 0:02:33]} 7. dxc5
{[%clk 0:02:47]} Bxc5 {[%clk 0:02:34]} 8. b4 {[%clk 0:02:48]} Ba7
{[%clk 0:02:35]} 9. Bb2 {[%clk 0:02:10]} O-O {[%clk 0:02:36]} 10. cxd5
{[%clk 0:02:10]} exd5 {[%clk 0:02:37]} 11. Bd3 {[%clk 0:01:33]} Bg4
{[%clk 0:02:35]} 12. Be2 {[%clk 0:01:11]} Rc8 {[%clk 0:02:33]} 13. O-O
{[%clk 0:01:10]} Qd6 {[%clk 0:02:28]} 14. Rc1 {[%clk 0:01:06]} Bb8
{[%clk 0:02:25]} 15. g3 {[%clk 0:01:08]} Rfe8 {[%clk 0:02:24]} 16. Nd4
{[%clk 0:01:05]} Bh3 {[%clk 0:02:14]} 17. Re1 {[%clk 0:01:05]} Ne5
{[%clk 0:02:15]} 18. Ba1 {[%clk 0:01:01]} h5 {[%clk 0:02:10]} 19. Qb3
{[%clk 0:01:01]} h4 {[%clk 0:02:09]} 20. Bf1 {[%clk 0:00:53]} Bxf1
{[%clk 0:02:02]} 21. Rxf1 {[%clk 0:00:54]} Neg4 {[%clk 0:02:02]} 22. Nce2
{[%clk 0:00:55]} Rcd8 {[%clk 0:01:58]} 23. Nf5 {[%clk 0:00:55]} Qd7
{[%clk 0:01:42]} 24. Nxh4 {[%clk 0:00:55]} Ne4 {[%clk 0:01:37]} 25. Rcd1
{[%clk 0:00:56]} g5 {[%clk 0:01:22]} 26. Ng2 {[%clk 0:00:57]} Re6
{[%clk 0:00:36]} 27. f3 {[%clk 0:00:52]} Nxh2 28. Kxh2 {[%clk 0:00:53]} Nxg3
{[%clk 0:00:36]} 29. Nxg3 {[%clk 0:00:52]} Rh6+ {[%clk 0:00:37]} 30. Kg1
{[%clk 0:00:54]} Bxg3 {[%clk 0:00:32]} 31. Rd4 {[%clk 0:00:48]} Qh3
{[%clk 0:00:29]} 0-1

[Event "Russian Blitz Team Championship (m)"]
[Site "Sochi"]
[Date "2022.10.17"]
[Round "3.13"]
[White "Vlasenko, Miroslav"]
[Black "Afanasiev, Nikita"]
[Result "1/2-1/2"]
[BlackElo "2541"]
[WhiteElo "2319"]
[LiveChessVersion "1.4.8"]

1. d4 {[%clk 0:03:03]} g6 {[%clk 0:03:03]} 2. Bg5 {[%clk 0:03:03]} Bg7
{[%clk 0:03:04]} 3. c3 {[%clk 0:03:04]} d6 {[%clk 0:03:01]} 4. e4
{[%clk 0:02:58]} Nf6 {[%clk 0:03:00]} 5. Nd2 {[%clk 0:02:59]} O-O
{[%clk 0:02:59]} 6. Ngf3 {[%clk 0:02:59]} h6 {[%clk 0:03:00]} 7. Bh4
{[%clk 0:03:00]} Nbd7 {[%clk 0:02:58]} 8. Bc4 {[%clk 0:02:54]} e5
{[%clk 0:02:59]} 9. dxe5 {[%clk 0:02:53]} dxe5 {[%clk 0:03:00]} 10. O-O
{[%clk 0:02:50]} Kh7 {[%clk 0:02:59]} 11. a4 {[%clk 0:02:47]} a5 {[%clk 0:02:59]}
12. Qe2 {[%clk 0:02:45]} Qe8 {[%clk 0:02:59]} 13. Rfd1 {[%clk 0:02:39]} Nh5
{[%clk 0:02:59]} 14. Nf1 {[%clk 0:02:24]} Nb6 {[%clk 0:02:54]} 15. Bb5
{[%clk 0:02:18]} c6 {[%clk 0:02:54]} 16. Bd3 {[%clk 0:02:07]} Be6
{[%clk 0:02:44]} 17. Bg3 {[%clk 0:01:59]} Nxg3 {[%clk 0:02:38]} 18. hxg3
{[%clk 0:01:55]} Qe7 {[%clk 0:02:37]} 19. Qe3 {[%clk 0:01:50]} Qc7
{[%clk 0:02:38]} 20. N1d2 {[%clk 0:01:39]} Rad8 {[%clk 0:02:39]} 21. Qe2
{[%clk 0:01:37]} Rd6 {[%clk 0:02:32]} 22. Bc2 {[%clk 0:01:28]} c5
{[%clk 0:02:25]} 23. Bb3 {[%clk 0:01:21]} c4 {[%clk 0:02:25]} 24. Bc2
{[%clk 0:01:22]} Qc6 {[%clk 0:02:22]} 25. Nf1 {[%clk 0:01:18]} Rfd8
{[%clk 0:02:23]} 26. Ne3 {[%clk 0:01:15]} Bf6 {[%clk 0:02:17]} 27. Rxd6
{[%clk 0:01:07]} Rxd6 {[%clk 0:02:18]} 28. Rd1 {[%clk 0:01:04]} Rxd1+
{[%clk 0:02:18]} 29. Qxd1 {[%clk 0:01:05]} h5 {[%clk 0:02:17]} 30. Nd2
{[%clk 0:00:55]} Kg8 {[%clk 0:02:09]} 31. Nb1 {[%clk 0:00:54]} Be7
{[%clk 0:02:07]} 32. Nd2 {[%clk 0:00:49]} Bc5 {[%clk 0:02:08]} 33. Qe2
{[%clk 0:00:50]} Bxe3 {[%clk 0:02:04]} 34. Qxe3 {[%clk 0:00:49]} Nxa4
{[%clk 0:02:05]} 35. Qa7 {[%clk 0:00:43]} Nxb2 {[%clk 0:01:51]} 36. Qxa5
{[%clk 0:00:42]} b5 {[%clk 0:01:35]} 37. Nf3 {[%clk 0:00:39]} f6 {[%clk 0:01:26]}
38. Qb4 {[%clk 0:00:39]} Nd3 {[%clk 0:01:24]} 39. Qe7 {[%clk 0:00:37]} Bf7
{[%clk 0:01:25]} 40. Bxd3 {[%clk 0:00:36]} cxd3 {[%clk 0:01:26]} 41. Qd8+
{[%clk 0:00:37]} Kg7 {[%clk 0:01:27]} 42. Qxd3 {[%clk 0:00:38]} Bc4
{[%clk 0:01:25]} 43. Qe3 {[%clk 0:00:38]} Qd7 {[%clk 0:01:21]} 44. Kh2
{[%clk 0:00:34]} Qe7 {[%clk 0:01:15]} 45. Nh4 {[%clk 0:00:32]} Qc7
{[%clk 0:01:11]} 46. Qd2 {[%clk 0:00:30]} Be6 {[%clk 0:01:09]} 47. Qb2
{[%clk 0:00:29]} Bd7 {[%clk 0:01:07]} 48. Qa3 {[%clk 0:00:28]} Bc6
{[%clk 0:01:06]} 49. Qc5 {[%clk 0:00:29]} Qd7 {[%clk 0:01:05]} 50. Nf3
{[%clk 0:00:28]} Kf7 {[%clk 0:01:00]} 51. Qe3 {[%clk 0:00:27]} g5
{[%clk 0:00:52]} 52. Nd2 {[%clk 0:00:27]} Qe6 {[%clk 0:00:47]} 53. Qc5
{[%clk 0:00:26]} Kg6 {[%clk 0:00:44]} 54. Nb3 {[%clk 0:00:23]} Bxe4
{[%clk 0:00:43]} 55. Qxb5 {[%clk 0:00:23]} Bc6 {[%clk 0:00:36]} 56. Qb8
{[%clk 0:00:23]} Qd5 {[%clk 0:00:34]} 57. f3 {[%clk 0:00:23]} g4 {[%clk 0:00:35]}
58. c4 {[%clk 0:00:19]} Qxc4 {[%clk 0:00:28]} 59. Na5 {[%clk 0:00:21]} Qe6
{[%clk 0:00:27]} 60. Nxc6 {[%clk 0:00:21]} Qxc6 {[%clk 0:00:28]} 61. Qg8+
{[%clk 0:00:22]} Kf5 {[%clk 0:00:28]} 62. Qh7+ {[%clk 0:00:23]} Ke6
{[%clk 0:00:28]} 63. Qxh5 {[%clk 0:00:22]} gxf3 {[%clk 0:00:25]} 64. gxf3
{[%clk 0:00:22]} Qc2+ {[%clk 0:00:23]} 65. Kh3 {[%clk 0:00:22]} Qc6
{[%clk 0:00:20]} 66. Qg4+ {[%clk 0:00:22]} Kd6 {[%clk 0:00:19]} 67. Qb4+
{[%clk 0:00:22]} Kd7 {[%clk 0:00:18]} 68. Qb3 {[%clk 0:00:21]} Ke7
{[%clk 0:00:17]} 69. Qa3+ {[%clk 0:00:21]} Kf7 {[%clk 0:00:18]} 70. Qb3+
{[%clk 0:00:23]} Kg7 {[%clk 0:00:19]} 71. Qd3 {[%clk 0:00:23]} Qe6+
{[%clk 0:00:18]} 72. g4 {[%clk 0:00:24]} Qc6 {[%clk 0:00:17]} 1/2-1/2

[Event "Russian Blitz Team Championship (m)"]
[Site "Sochi"]
[Date "2022.10.17"]
[Round "3.14"]
[White "Tsydypov, Zhamsaran"]
[Black "Lesovoi, Evgenij"]
[Result "1-0"]
[BlackElo "2339"]
[WhiteElo "2598"]
[LiveChessVersion "1.4.8"]

1. c4 {[%clk 0:03:01]} Nf6 {[%clk 0:03:03]} 2. Nc3 {[%clk 0:03:01]} e6
{[%clk 0:03:03]} 3. Nf3 {[%clk 0:03:01]} c5 {[%clk 0:03:03]} 4. g3
{[%clk 0:03:02]} b6 {[%clk 0:03:04]} 5. Bg2 {[%clk 0:03:03]} Bb7 {[%clk 0:03:04]}
6. O-O {[%clk 0:03:03]} d5 {[%clk 0:03:00]} 7. cxd5 {[%clk 0:03:00]} Nxd5
{[%clk 0:02:59]} 8. d4 {[%clk 0:02:55]} Nd7 {[%clk 0:02:43]} 9. e4
{[%clk 0:02:47]} Nxc3 {[%clk 0:02:42]} 10. bxc3 {[%clk 0:02:48]} Bxe4
{[%clk 0:02:13]} 11. Re1 {[%clk 0:02:48]} Bd5 {[%clk 0:02:09]} 12. c4
{[%clk 0:02:48]} Bxc4 {[%clk 0:01:37]} 13. Ng5 {[%clk 0:02:49]} Be7
{[%clk 0:01:27]} 14. Qh5 {[%clk 0:02:29]} g6 {[%clk 0:00:54]} 15. Qh6
{[%clk 0:02:22]} Bf8 {[%clk 0:00:39]} 16. Qh3 {[%clk 0:02:21]} Bg7
{[%clk 0:00:36]} 17. d5 {[%clk 0:01:34]} e5 {[%clk 0:00:28]} 18. Bd2
{[%clk 0:00:57]} h6 {[%clk 0:00:27]} 19. Nxf7 {[%clk 0:00:48]} Kxf7
{[%clk 0:00:21]} 20. Qe6+ {[%clk 0:00:48]} Kf8 {[%clk 0:00:19]} 21. Qxg6
{[%clk 0:00:48]} Qf6 {[%clk 0:00:18]} 22. Qe4 {[%clk 0:00:44]} Ba6
{[%clk 0:00:16]} 23. Re3 {[%clk 0:00:45]} Kg8 {[%clk 0:00:15]} 24. d6
{[%clk 0:00:29]} Rf8 {[%clk 0:00:16]} 25. Qd5+ {[%clk 0:00:21]} Qf7
{[%clk 0:00:10]} 26. Ra3 {[%clk 0:00:22]} Bc8 {[%clk 0:00:06]} 27. Rxa7
{[%clk 0:00:22]} Qxd5 {[%clk 0:00:06]} 28. Bxd5+ {[%clk 0:00:24]} Kh7
{[%clk 0:00:08]} 29. Be4+ {[%clk 0:00:17]} Kg8 {[%clk 0:00:09]} 30. Bc3
{[%clk 0:00:18]} Rd8 {[%clk 0:00:04]} 31. Rd1 {[%clk 0:00:13]} Bf6
{[%clk 0:00:05]} 32. f4 {[%clk 0:00:10]} exf4 {[%clk 0:00:04]} 33. Rxd7
{[%clk 0:00:10]} Rxd7 {[%clk 0:00:04]} 34. Bxf6 {[%clk 0:00:12]} Rhh7
{[%clk 0:00:05]} 35. gxf4 {[%clk 0:00:11]} Bb7 {[%clk 0:00:05]} 36. Bf5
{[%clk 0:00:12]} Rhf7 37. Be6 {[%clk 0:00:11]} Kh7 {[%clk 0:00:06]} 38. f5
{[%clk 0:00:08]} Rxf6 {[%clk 0:00:04]} 39. Bxd7 {[%clk 0:00:09]} Kg7
{[%clk 0:00:04]} 40. Be8 {[%clk 0:00:07]} Bc8 {[%clk 0:00:04]} 41. d7
{[%clk 0:00:08]} Bxd7 {[%clk 0:00:05]} 42. Bxd7 {[%clk 0:00:08]} c4
{[%clk 0:00:05]} 43. Rd4 {[%clk 0:00:06]} Rf7 {[%clk 0:00:05]} 44. Be6
{[%clk 0:00:07]} Rc7 {[%clk 0:00:05]} 45. Rxc4 {[%clk 0:00:08]} Ra7
{[%clk 0:00:07]} 46. Rb4 {[%clk 0:00:09]} Ra6 {[%clk 0:00:07]} 47. Kf2
{[%clk 0:00:10]} Kf6 {[%clk 0:00:08]} 48. Kg3 {[%clk 0:00:11]} h5
{[%clk 0:00:09]} 49. h4 {[%clk 0:00:12]} Ra3+ {[%clk 0:00:08]} 50. Bb3
{[%clk 0:00:13]} Ra6 {[%clk 0:00:08]} 51. Kf4 {[%clk 0:00:14]} 1-0

[Event "Russian Blitz Team Championship (m)"]
[Site "Sochi"]
[Date "2022.10.17"]
[Round "3.15"]
[White "Palchun, Grigory"]
[Black "Moiseenko, Vadim"]
[Result "0-1"]
[BlackElo "2492"]
[WhiteElo "2216"]
[LiveChessVersion "1.4.8"]

1. d4 {[%clk 0:03:03]} Nf6 {[%clk 0:03:03]} 2. Bf4 {[%clk 0:03:04]} g6
{[%clk 0:03:03]} 3. e3 {[%clk 0:03:05]} Bg7 {[%clk 0:03:04]} 4. Nf3
{[%clk 0:03:06]} O-O {[%clk 0:03:04]} 5. Be2 {[%clk 0:03:07]} d6 {[%clk 0:03:05]}
6. O-O {[%clk 0:03:06]} Nc6 {[%clk 0:03:05]} 7. h3 {[%clk 0:02:59]} Re8
{[%clk 0:02:55]} 8. c4 {[%clk 0:02:56]} Bf5 {[%clk 0:02:53]} 9. Nc3
{[%clk 0:02:52]} e5 {[%clk 0:02:48]} 10. Bh2 {[%clk 0:02:45]} exd4
{[%clk 0:02:42]} 11. Nxd4 {[%clk 0:01:22]} Nxd4 {[%clk 0:02:41]} 12. exd4
{[%clk 0:01:23]} Ne4 {[%clk 0:02:41]} 13. Nd5 {[%clk 0:01:21]} c6
{[%clk 0:02:08]} 14. Ne3 {[%clk 0:01:21]} Nxf2 {[%clk 0:02:03]} 15. Kxf2
{[%clk 0:01:08]} Qh4+ {[%clk 0:02:04]} 16. Bg3 {[%clk 0:01:04]} Qxd4
{[%clk 0:02:04]} 17. Qxd4 {[%clk 0:00:55]} Bxd4 {[%clk 0:02:04]} 18. Bf4
{[%clk 0:00:48]} Re4 {[%clk 0:01:59]} 19. Kf3 {[%clk 0:00:48]} Bxe3
{[%clk 0:02:00]} 0-1

[Event "Russian Blitz Team Championship (m)"]
[Site "Sochi"]
[Date "2022.10.17"]
[Round "3.16"]
[White "Rozum, Ivan"]
[Black "Babanin, Gleb"]
[Result "1-0"]
[BlackElo "2346"]
[WhiteElo "2428"]
[LiveChessVersion "1.4.8"]

1. b3 {[%clk 0:03:03]} e5 {[%clk 0:03:03]} 2. Bb2 {[%clk 0:03:04]} Nc6
{[%clk 0:03:04]} 3. c4 {[%clk 0:03:04]} Nf6 {[%clk 0:03:02]} 4. e3
{[%clk 0:03:05]} Bc5 {[%clk 0:02:51]} 5. a3 {[%clk 0:03:05]} a5 {[%clk 0:02:41]}
6. d4 {[%clk 0:03:05]} exd4 {[%clk 0:02:41]} 7. exd4 {[%clk 0:03:06]} Qe7+
{[%clk 0:02:38]} 8. Be2 {[%clk 0:03:06]} Ba7 {[%clk 0:02:38]} 9. Nf3
{[%clk 0:03:06]} d6 {[%clk 0:02:20]} 10. O-O {[%clk 0:03:06]} O-O
{[%clk 0:02:20]} 11. Re1 {[%clk 0:03:04]} Bg4 {[%clk 0:02:19]} 12. h3
{[%clk 0:03:04]} Bh5 {[%clk 0:02:15]} 13. d5 {[%clk 0:02:57]} Ne4
{[%clk 0:01:37]} 14. Nd4 {[%clk 0:02:39]} Bxe2 {[%clk 0:01:27]} 15. Rxe2
{[%clk 0:02:37]} Nxd4 {[%clk 0:01:17]} 16. Bxd4 {[%clk 0:02:38]} Bxd4
{[%clk 0:01:18]} 17. Qxd4 {[%clk 0:02:38]} Rfe8 {[%clk 0:01:19]} 18. Nc3
{[%clk 0:02:30]} Qf6 {[%clk 0:01:18]} 19. Rxe4 {[%clk 0:02:17]} Rxe4
{[%clk 0:01:19]} 20. Qxf6 {[%clk 0:02:17]} 1-0